000 00267nam a2200109Ia 4500
008 220204s9999 xx 000 0 und d
082 _a065
_bAPP
100 _aAppley, Lawrence A
245 0 _aManagement evolution
260 _aBombay
_bTaraporevala
_c1977
942 _cBK
999 _c30373
_d30373